This is Mauritius.
| Main Author: | |
|---|---|
| Format: | Book |
| Published: |
London:
New Holland,
1995.
|
| Subjects: |
| LEADER | 00369cam a2200145 7i4500 | ||
|---|---|---|---|
| 001 | 0000007253 | ||
| 005 | 19991211090000.0 | ||
| 020 | 0 | 0 | |a 1853685569 |
| 090 | 0 | 0 | |a MARI 969.82 |b PRO |
| 100 | 1 | 0 | |a Proust |
| 245 | 1 | 0 | |a This is Mauritius. |
| 260 | 0 | 0 | |a London: |b New Holland, |c 1995. |
| 300 | # | # | |a 160 p. |
| 651 | 0 | 0 | |a Mauritius |
| 999 | |a B000010801 |b Book |c Countries |e Business Information Centre | ||


